Pictures of Europe - Sudden Death - Statistics

General Stats
  • This quiz has been taken 748 times
    536 since last reset
  • The average score is 8 of 10
Answers on the Grid
Answers color-coded by a green-red scale on the quiz's grid according to % correct below.
 
Answer Stats
Answer % Correct
Colosseum
98%
Louvre
92%
Parthenon
90%
Stonehenge
89%
Sagrada Familia
82%
Eiffel Tower
81%
Big Ben
80%
Kremlin
79%
Neuschwanstein Castle
77%
White Cliffs of Dover
73%
No matching quizzes found
Score Distribution
Percent of People with Each Score
Percentile by Number Answered
Your Score History
You have not taken this quiz since the last reset